Marketing Research (Record no. 255087)
[ view plain ]
| 000 -LEADER | |
|---|---|
| fixed length control field | 00557nam a22001697a 4500 |
| 003 - CONTROL NUMBER IDENTIFIER | |
| control field | OSt |
| 005 - DATE AND TIME OF LATEST TRANSACTION | |
| control field | 20160824104050.0 |
| 008 - FIXED-LENGTH DATA ELEMENTS--GENERAL INFORMATION | |
| fixed length control field | 160824b xxu||||| |||| 00| 0 eng d |
| 020 ## - INTERNATIONAL STANDARD BOOK NUMBER | |
| International Standard Book Number | 0030983665 |
| 040 ## - CATALOGING SOURCE | |
| Transcribing agency | NA |
| 050 ## - LIBRARY OF CONGRESS CALL NUMBER | |
| Classification number | HF5415.2 |
| Item number | .C5 1995 |
| 100 ## - MAIN ENTRY--PERSONAL NAME | |
| Personal name | Gilbert A. Churchill |
| 245 ## - TITLE STATEMENT | |
| Title | Marketing Research |
| Remainder of title | Methodological Foundations |
| 250 ## - EDITION STATEMENT | |
| Edition statement | 6TH ED |
| 260 ## - PUBLICATION, DISTRIBUTION, ETC. (IMPRINT) | |
| Place of publication, distribution, etc | New York |
| Name of publisher, distributor, etc | Elizabeth Widdicombe |
| Date of publication, distribution, etc | 1995 |
| 942 ## - ADDED ENTRY ELEMENTS (KOHA) | |
| Source of classification or shelving scheme | Library of Congress Classification |
| Koha item type | Long Loan Books |
| Withdrawn status | Lost status | Source of classification or shelving scheme | Damaged status | Not for loan | Collection code | Home library | Current library | Shelving location | Date acquired | Total Checkouts | Full call number | Barcode | Date last seen | Price effective from | Koha item type |
|---|---|---|---|---|---|---|---|---|---|---|---|---|---|---|---|
| Library of Congress Classification | Non-fiction | Rongo University Library | Rongo University Library | General Stacks | 24/08/2016 | HF5415.2 .C5 1995 | 20156153 | 24/08/2016 | 24/08/2016 | Long Loan Books |
